Score 0/22 Timer 02:00
0 Plays Today
Movie Title Missing Word % Correct
_____ Me If You CanCatch
97.3%
Schindler's _____ List
96.9%
_____ BrockovichErin
93.2%
_____ on the Fourth of JulyBorn
91.5%
_____ of Arabia Lawrence
91.1%
12 Years a _____ Slave
90.3%
A Beautiful _____ Mind
89.7%
My Left _____ Foot
84.4%
The King's _____ Speech
83%
The Theory of _____ Everything
82.4%
_____ Bull Raging
81.8%
Movie Title Missing Word % Correct
_____ the Line Walk
81.1%
_____ Outta Compton Straight
80.7%
_____ Wilson's WarCharlie
75.2%
_____ the Titans Remember
72.4%
_____ Adams Patch
68.2%
The _____ Lady Iron
62.5%
The _____ Game Imitation
45.6%
_____ Ridge Hacksaw
43.8%
Lone _____ Survivor
25.3%
_____ ManCinderella
20.6%
Black _____ Mass
14.5%

Today's Daily Dose

Remove Ads.
Support Sporcle.
Get the best of Sporcle when you Go Orange. This ad-free experience offers more features, more stats, and more fun while also helping to support Sporcle. Thank you for becoming a member.

You're not logged in!

Compare scores with friends on all Sporcle quizzes.
OR
Log In

Show Comments

Extras

Top Quizzes Today


Score Distribution

Your Account Isn't Verified!

In order to create a playlist on Sporcle, you need to verify the email address you used during registration. Go to your Sporcle Settings to finish the process.

Report this User

Report this user for behavior that violates our Community Guidelines.

Details: